000 00407 a2200157 4500
999 _c321353
_d321353
001 86280
003 NUST
005 20180120155337.0
008 180120b xxu||||| |||| 00| 0 eng d
020 _a9780743206822
082 _a158/158.1 COV
100 _aStephen R. Covey
_99233
245 _a8th Habit : From Effectiveness to Greatness
260 _aLondon
_bSimon & Schuster
_c2004
300 _axvi, 411 p.
500 _aPAF Book Club
740 _athe 8th habit
942 _aCAE NUST
_cBK
_k158/158.1 COV
_2ddc